000 00300nam a2200121Ia 4500
008 190216s9999||||xx |||||||||||||| ||und||
100 _aSree Kandan Nair C N
245 0 _aLankalakshmi
260 _bCalicut University Publications
_c1993
300 _a83
650 _aMalayalam Nadakam
942 _cBK
999 _c27055
_d27055